แสดงรายละเอียดบรรณานุกรม
  กลับหน้าหลัก

Brief Record : Get Marc (ISO 2709) : E-mail record : QR code ปิดหน้าต่าง
E-books : เกี่ยวกับ Collections
LEADER 00000nam 2200000uu 4500
001    212650
003     ULIBM
008    020711s2554 th a 000 0 tha d
020    9789744226389
041    ^atha^beng
060  4 W15 ก153 2554
245    การวัดผลทางสุขภาพและความพิการ :^bเกณฑ์การประเมินความพิการขององค์การอนามัยโลก ฉบับ 2.0/^cบรรณาธิการ, TB Ustun, N Kostanjsek, S Chatterju, J Rehm
246 31 ^aWHODAS 2.0
260    กรุงเทพฯ :^bองค์การอนามัยโลก,^c2554
300    viii,126 หน้า :^bภาพประกอบ ;^c27 ซม.
650  4 ^aการประเมินความพิการ
650  4 ^aภาวะสุขภาพ
650  4 ^aการพัฒนาบุคลากร
650  4 ^aการจำแนก
700 0  ^aN Kostanjsek, TB Ustun,^eed.
700 0  ^aJ Rehm, S Chatterju,^eed.
710 2  ^aองค์การอนามัยโลก
999    ^aใช้งานได้ทุกระบบ
รายการนี้ยังไม่มีแท็ก
คุณยังไม่ได้ล็อกอิน คุณสามารถมีกิจกรรมร่วมกับเว็บไซต์ได้ แต่ต้องล็อกอินก่อน ::
  ล็อกอิน
ลำดับที่ ประเภท เลขเรียก สถานที่ สถานะ
1. หนังสือทั่วไป
หนังสือทั่วไป
สถานะ=หนังสือเก่า - บริการ ณ ห้องสมุด (ห้องเหลือง)
W15 ก153 2554 ฉ.1 
  
หนังสือทั่วไป On Shelf
  ขอยืม
Note:บริจาค
   [แสดง 1/1 รายการ]

รายการใกล้เคียง
    หัวเรื่อง [ภาวะสุขภาพ]
    หัวเรื่อง [การพัฒนาบุคลากร]
    หัวเรื่อง [การจำแนก]

BibComment


ยังไม่เคยถูกคอมเมนท์

คอมเมนท์ทรัพยากรรายการนี้
  คอมเมนท์: การวัดผลทางสุขภาพ..
Bib 212650

 
 
 

 Union Library Management : ULibM
Copyright 2026. All Rights Reserved.
скачать бесплатно без регистрации порно красивый секс HD Sex Hindi sex

xxx gou

xxxx

bfxxx

xxxwww

Секса Видео

xxxx

Секса Видео

detube

geilexxx

C99 Shell

worms shell

blod xxx video
Ebony Coed Rihanna Rimes Takes A Dick In Her Young Twat priyaa indian fuck anal and pusssy hardcore indian women xxx desi hardcore fucking part 1 bengalixxxcouple